• 首页
  • 本馆介绍
  • 公告通知
  • 最新文献
  • 馆藏检索
  • 电子资源
  • 读者导购
  • 参考咨询
  • 我的图书馆
  • 登录
  • 详细信息显示
  • 放入我的书架
  • 预约/预借图书
  • 作者相关作品
  • 分类相关作品
  • 丛书相关作品
  • 出版社相关作品

书目信息

  • 表格格式
  • 工作单格式
  • 卡片格式
题名:
电机工程手册
    
 
作者: ;机械工程手册、电机工程手册编辑委员会 编
分册: 第29篇   电力电容器
出版信息: 北京   机械工业出版社  1978
页数: 67页
开本: 26cm
丛书名:
单 册:
中图分类: TM3-62 , TM531.4
科图分类:
主题词: 电力电容器 , 电机工业--手册
电子资源:
ISBN:
000 00900nam0 2200253 45
001 0178002263
005 20060417091212.12
010    @dCNY0.39
091    @a15033.4510
100    @a19950811d1978 em y0chiy0121 ea
101 0  @achi
102    @aCN@b110000
105    @ay z 000yy
200 10 @a电机工程手册@Adian ji gong cheng shou ce@e试用本@h第29篇@i电力电容器@f机械工程手册、电机工程手册编辑委员会编@Fji xie gong cheng shou ce、dian ji gong cheng shou ce bian ji wei yuan hui bian
210    @a北京@c机械工业出版社@d1978
215    @a67页@d26cm
517 1  @a电力电容器@Adian li dian rong qi
606    @a电力电容器
606    @a电机工业@x手册
690    @aTM3-62@v3
690    @aTM531.4@v3
711  0 @a机械工程手册、电机工程手册编辑委员会@Aji xie gong cheng shou ce、dian ji gong cheng shou ce bian ji wei yuan hui@4编
801  0 @aCN@bTSSF@c20060417
905    @a10447@dTM3-62@e3:29
    
    电机工程手册:试用本.第29篇.电力电容器/机械工程手册、电机工程手册编辑委员会编.-北京:机械工业出版社,1978
    67页;26cm
    
    
    ISBN :CNY0.39
    
●
相关链接 在E读中查询图书 在五车中查询图书 在当当中查询图书 在豆瓣中查询图书


正题名:电机工程手册     索取号:TM3-62/3:29         预约/预借

序号 登录号 条形码 馆藏地/架位号 状态 备注
1 0006993   001344361   密集书库/ [索取号:TM3-62/3:29] 在馆    
唐山师范学院图书馆 欢迎您!
大连网信软件有限公司© 版权所有